| 000 | 00471nam a2200181Ia 4500 | ||
|---|---|---|---|
| 001 | 19966 | ||
| 005 | 20260306172731.0 | ||
| 008 | 260306t2018||||xx |||||||||||||| ||spa|| | ||
| 041 | _aESP | ||
| 082 |
_a342 _bJ74 |
||
| 100 |
_aJosserand, Louis _eAUT |
||
| 245 | 0 |
_aLos móviles en los actos jurídicos de derecho privado: _bteleología jurídica |
|
| 260 | _c2018 | ||
| 300 |
_a319 páginas : _c23 cm. |
||
| 650 | _aGEN | ||
| 654 | _aCDE | ||
| 942 |
_cLIB _dJUS _fJUS _2ddc _n |
||
| 999 |
_c19966 _d19966 |
||